Представление документа в формате MARC21

ПолеНазваниеЗначение
  Тип записи a
  Библиографический уровень m
001 Контрольный номер RU\infra-m\znanium\bibl\2243995
005 Дата корректировки 20260429142238.0
008 Кодируемые данные 260309s2026 RU g rus u
020 Индекс ISBN __
a ISBN 978-5-16-021977-6
020 Индекс ISBN __
a ISBN 978-5-16-106071-1 (электр. издание)
040 Источник каталогиз. __
a Служба первич. каталог. Общество с ограниченной ответственностью «ЗНАНИУМ»
041 Код языка издания __
a Код языка текста rus
044 Код страны публикации __
a Код страны публикации RU
080 Индекс УДК __
a Индекс УДК 004(075.8)
084 Индекс другой классификации/Индекс ББК __
2 Источник индекса rubbk
a Индекс другой классификации/Индекс ББК 32.973я73
084 Индекс другой классификации/Индекс ББК __
2 Источник индекса okso
a Индекс другой классификации/Индекс ББК 15.03.01
084 Индекс другой классификации/Индекс ББК __
2 Источник индекса okso
a Индекс другой классификации/Индекс ББК 15.03.02
084 Индекс другой классификации/Индекс ББК __
2 Источник индекса okso
a Индекс другой классификации/Индекс ББК 15.03.03
084 Индекс другой классификации/Индекс ББК __
2 Источник индекса okso
a Индекс другой классификации/Индекс ББК 15.03.04
084 Индекс другой классификации/Индекс ББК __
2 Источник индекса okso
a Индекс другой классификации/Индекс ББК 15.03.05
084 Индекс другой классификации/Индекс ББК __
2 Источник индекса okso
a Индекс другой классификации/Индекс ББК 23.03.03
100 Автор __
a Автор Косенко И. И.
q Полное имя Косенко Иван Иванович
u Дополнение Московский авиационный институт (национальный исследовательский университет)
245 Заглавие __
a Заглавие Проектирование и 3D моделирование в средах CATIA V5, ANSYS и Dymola 7.3
b Продолж. заглавия Учебное пособие
c Ответственность Московский авиационный институт (национальный исследовательский университет); Ульяновский государственный университет; МАТИ-Российский государственный технологический университет им. К.Э. Циолковского; Стан; Мерседес-Бенц РУС
250 Сведения об издании __
a Основные сведения об издании 1
260 Выходные данные __
a Место издания Москва
b Издательство ООО "Научно-издательский центр ИНФРА-М"
c Дата издания 2026
300 Физическое описание __
a Объем 183 с.
440 Серия __
a Серия Высшее образование
520 Аннотация __
a Аннотация Рассмотрены задачи проектирования (трехмерного геометрического моделирования) деталей машин: валов зубчатых колес других элементов редукторов в CAD/CAM/CAE-системе CATIA V5 на основе твердотельного моделирования изделий сложной геометрической формы. Приведены методики прочностных расчетов в CAE-системе ANSYS и виртуального прототипирования. Анализируется технология объектно-ориентированного моделирования реализованная в CAE-системе Dymola и основанная на применении языка Modelica. Соответствует требованиям Федерального государственного образовательного стандарта высшего образования последнего поколения. Для студентов вузов обучающихся по специальностям «Моделирование и исследование операций в организационно-технических системах» «Проектирование технических и технологических комплексов» и направлению подготовки «Машиностроение» (программа бакалавриата «Машины и технологии высокоэффективных процессов обработки»).
521 Примеч. о цел. назн. __
a Примеч. о целев. назн. ВО - Магистратура
650 Тематические рубрики __
a Основная рубрика Информатика. Вычислительная техника
x Основная подрубрика Системы автоматического проектирования
655 Указ. предметных рубрик (устаревшее) __
a Жанр/ форма (устаревшее) Учебное пособие
700 Другие авторы __
a Другие авторы Кузнецова Л. В.
q Полное имя Кузнецова Лариса Викторовна
u Дополнение МАТИ-Российский государственный технологический университет им. К.Э. Циолковского
700 Другие авторы __
a Другие авторы Николаев А. В.
q Полное имя Николаев Анатолий Викторович
u Дополнение Ульяновский государственный университет
700 Другие авторы __
a Другие авторы Кузнецов Л.Ю.
q Полное имя Кузнецов Леонид Юрьевич
u Дополнение Мерседес-Бенц РУС
700 Другие авторы __
a Другие авторы Олейник А.В.
q Полное имя Олейник Андрей Владимирович
u Дополнение Стан
856 Электронный адрес документа 4_
a Имя сервера/домена znanium.ru
m Помощь ebs_support@infra-m.ru
n Местонахождение сервера НИЦ ИНФРА-М
u URL https://znanium.ru/catalog/document?id=478972
856 Электронный адрес документа 48
a Имя сервера/домена znanium.ru
d Путь /cover/2243
f Электронное имя 2243995.jpg
q Тип электронного формата image/jpeg
u URL https://znanium.ru/cover/2243/2243995.jpg
911 __
u 0030=https://znanium.ru/catalog/document?id=478972
911 __
u 712a=Ульяновский государственный университет
911 __
u 712a=МАТИ-Российский государственный технологический университет им. К.Э. Циолковского
911 __
u 712a=Стан
911 __
u 712a=Мерседес-Бенц РУС